İdeoloji: bir kavram izinde (Record no. 10566)

MARC details
000 -BAŞLIK
Sabit Uzunlukta Kontrol Alanı 00657na a2200253 4500
001 - KONTROL NUMARASI
Denetim Alanı 24005
003 - KONTROL NUMARASI IDENTIFIER
Denetim Alanı MIRAKIL
005 - SON İŞLEM TARİHİ VE ZAMANI
Denetim Alanı 20181213155326.0
008 - SABİT-BOY VERİ ELEMANLARI - GENEL BİLGİLER
Sabit Uzunlukta Kontrol Alanı 180216b tu 000 0
020 ## - ULUSLARARASI STANDART KİTAP NUMARASI
Uluslararası Standart Kitap Numarası 9786059158473
040 ## - KATALOGLAMA KAYNAK
Orijinal Kataloglama Ajansı Milas
Kataloglama Dili tur
Metne Dönüştürmek Ajansı TR-AnCHP
041 ## - DİL KODU
Metin / Ses Parça Veya Ayrı Başlığın Dil Kodu tur
082 ## - DEWEY ONLU SINIFLANDIRMA NUMARASI
Sınıflandırma Numarası 320.5
Ürün Numarası Y27i 2016
090 ## - SINIFLAMA NUMARASI
Sınıflama Numarası 320.5 Y27i 2016
100 ## - ANA GİRİŞ - KİŞİSEL İSİM
Kişisel Ad Yaşlı, Fatih
245 ## - BAŞLIK TABLOSU
Başlık İdeoloji: bir kavram izinde
Sorumluluk Tablosu, Vb Fatih Yaşlı
260 ## - YAYIN, DAĞITIM, VB
Yayın, Dağıtım, Vb Yeri Ankara
Yayıncı, Dağıtıcı, Vs Adı Bencekitap
Yayın, Dağıtım, Vb Tarihi 2016
300 ## - FİZİKSEL TANIM
Kapsam 71 s.
Boyutlar 19 sm.
490 ## - SERİSİ TABLOSU
Seri Beyanı Sosyal Demokrasi Dizisi
504 ## - KAYNAKÇA VB NOT
Kaynakça Vb Notu Kaynakça var.
650 ## - KONU KATMA GİRİŞ - TOPİKAL DÖNEM
Topikal Süreli Veya Coğrafi Ad Giriş Elemanı Siyasal ideolojiler
650 ## - KONU KATMA GİRİŞ - TOPİKAL DÖNEM
Topikal Süreli Veya Coğrafi Ad Giriş Elemanı Siyaset ve yönetim
942 ## - EKLENDİ GİRİŞ ELEMANLARI (KOHA)
Sınıflandırma Veya Raf Düzeni Kaynak Dewey Decimal Classification
Koha Öğesi Türü Books
999 ## - SİSTEM KONTROL NUMARALARI (KOHA)
Koha Biblionumber 10566
Koha Biblioitemnumber 10566
Holdings
Kalıcı Konum Mevcut Konum Edinme Tarihi Edinim Kaynak Toplam Check-Out'Lar Tam Çağrı Numarası Barkod Tarih Son Görülme İtibaren Geçerli Fiyatlar Koha Öğesi Türü
CHP Kütüphanesi CHP Kütüphanesi 02/16/2018 Bağış   320.5 Y27i 2016 018026 02/16/2018 02/16/2018 Books
CHP Kütüphanesi CHP Kütüphanesi 02/27/2024     320.5 Y27i 2016 21202 02/27/2024 02/27/2024 Books
CHP Kütüphanesi CHP Kütüphanesi 02/27/2024     320.5 Y27i 2016 21203 02/27/2024 02/27/2024 Books
Parti Okulu Kütüphanesi Parti Okulu Kütüphanesi 02/27/2024     320.5 Y27i 2016 21204 02/27/2024 02/27/2024 Books
Parti Okulu Kütüphanesi Parti Okulu Kütüphanesi 02/27/2024     320.5 Y27i 2016 21205 02/27/2024 02/27/2024 Books